Fundamentos masónicos: leyes tradicionales y principios modernos
Gorde:
| Egile nagusia: | |
|---|---|
| Formatua: | Liburua |
| Hizkuntza: | gaztelania |
| Argitaratua: |
Santiago
V. Silva
1930
|
| Gaiak: | |
| Etiketak: |
Etiketa erantsi
Etiketarik gabe, Izan zaitez lehena erregistro honi etiketa jartzen!
|
MARC
| LEADER | 00000nam a2200000 a 4500 | ||
|---|---|---|---|
| 001 | UCP8056 | ||
| 003 | CL-VaPUC | ||
| 008 | 000106e19300000CL |||||||||||||||||spa|d | ||
| 082 | 0 | 4 | |a 366.1 |b OVI |2 21 |
| 100 | |a Oviedo Martínez, Benjamín |e autor |9 505071 | ||
| 245 | 1 | 0 | |a Fundamentos masónicos: leyes tradicionales y principios modernos |
| 300 | |a 126 p | ||
| 942 | |c BK | ||
| 945 | |d 20000106 00:00:00 |a crobeson | ||
| 260 | |a Santiago |b V. Silva |c 1930 | ||
| 650 | 0 | |a Masonería |9 256238 | |
| 650 | 7 | |a SOCIEDADES SECRETAS |2 CL-VaPUC |9 321683 | |
| 650 | 0 | |a Leyes |9 256670 | |
| 583 | |a last modification |c 20000106 00:00:00 |k Rodrigo Vera | ||
| 999 | |c 285090 |d 285088 | ||
| 952 | |0 0 |1 0 |4 0 |6 366_100000000000000_OVI_1930 |7 0 |8 X |9 329461 |a BIBHIS |b BIBHIS |d 2019-11-20 |i 1374796 |l 1 |o 366.1 OVI 1930 |p 1374796 |r 2024-06-07 |s 2024-06-07 |w 2019-11-20 |y BK_X |k HIS | ||